| 000 | 01007nam a22003257a 4500 | ||
|---|---|---|---|
| 003 | CHAP | ||
| 005 | 20220329135414.0 | ||
| 008 | 971013s1978 r 00010 d | ||
| 010 | _a35890 | ||
| 011 | _a36862 | ||
| 035 | _a40981 | ||
| 040 | _cCHAP | ||
| 082 |
_a641.1 _bO2 |
||
| 100 | 0 | 0 |
_aOckerman, Herbert W. _982717 |
| 245 | _aSources book for food scientists | ||
| 260 |
_aWestport, Conn. : _bAVI, _c1978 |
||
| 300 | _a926 p. | ||
| 490 | _aFood technology and food science series | ||
| 590 |
_aBATCH-UPD _b10 _c20130110 _lUCH01 _h0005 |
||
| 590 |
_aBATCH-UPD _b10 _c20130110 _lUCH01 _h1150 |
||
| 590 |
_aBATCH-UPD _b10 _c20130410 _lUCH01 _h0734 |
||
| 590 |
_aBATCH-UPD _b10 _c20130914 _lUCH01 _h0132 |
||
| 590 |
_aCONVERSION _b10 _c20130109 _lUCH01 _h1320 |
||
| 650 | 1 | 4 |
_aAlimentos _xAnĂ¡lisis. _94164 |
| 650 | 1 | 4 |
_aAlimentos _xDiccionarios. _94214 |
| 830 | 0 |
_aFood technology and food science series _942205 |
|
| 901 | _aBK | ||
| 942 | _cLIBRO | ||
| 949 |
_a641.1 O2 _bBC _cC _d33724000645776 _eC _i40981 _si |
||
| 999 |
_c35890 _d35890 |
||